<?xml version="1.0" encoding="UTF-8"?>
<record
    xmlns:xsi="http://www.w3.org/2001/XMLSchema-instance"
    xsi:schemaLocation="http://www.loc.gov/MARC21/slim http://www.loc.gov/standards/marcxml/schema/MARC21slim.xsd"
    xmlns="http://www.loc.gov/MARC21/slim">

  <leader>01929nam a2200277 a 4500</leader>
  <controlfield tag="001">000000751</controlfield>
  <controlfield tag="005">20240229073830.0</controlfield>
  <controlfield tag="008">090429s2007    dr ac         000 0 spa d</controlfield>
  <datafield tag="040" ind1=" " ind2=" ">
    <subfield code="a">DO-SdBNP</subfield>
    <subfield code="b">spa</subfield>
    <subfield code="c">BNPHU</subfield>
  </datafield>
  <datafield tag="082" ind1=" " ind2=" ">
    <subfield code="a">331.4</subfield>
    <subfield code="b">H557n</subfield>
  </datafield>
  <datafield tag="100" ind1="1" ind2=" ">
    <subfield code="a">Hern&#xE1;ndez, &#xC1;ngela,</subfield>
    <subfield code="d">1954-</subfield>
    <subfield code="9">2564</subfield>
  </datafield>
  <datafield tag="245" ind1="1" ind2="0">
    <subfield code="a">No se imaginan cu&#xE1;nto podemos. Programa de formaci&#xF3;n t&#xE9;cnica y empleo para mujeres "Evangelina Rodr&#xED;guez" :</subfield>
    <subfield code="b">la valerosa historia de una iniciativa que rompe esquemas a favor de mujeres en pobreza /</subfield>
    <subfield code="c">Angela Hern&#xE1;ndez ; asistencia de Pastora Hern&#xE1;dez, Cristabel Sosa ; revisi&#xF3;n Nelly Chalas, Elsa Mata, Josefina S&#xE1;nchez.</subfield>
  </datafield>
  <datafield tag="260" ind1=" " ind2=" ">
    <subfield code="a">Santo Domingo :</subfield>
    <subfield code="b">CE-MUJER,</subfield>
    <subfield code="c">2007.</subfield>
  </datafield>
  <datafield tag="300" ind1=" " ind2=" ">
    <subfield code="a">133 p. :</subfield>
    <subfield code="b">il., retrs. ;</subfield>
    <subfield code="c">24 cm.</subfield>
  </datafield>
  <datafield tag="504" ind1=" " ind2=" ">
    <subfield code="a">Incluye referencias bibliogr&#xE1;ficas y notas al pie de las p&#xE1;ginas</subfield>
  </datafield>
  <datafield tag="505" ind1="0" ind2=" ">
    <subfield code="t">Introducci&#xF3;n --</subfield>
    <subfield code="g">Primera parte:</subfield>
    <subfield code="t">Razones, camino, cooperaci&#xF3;n y frutos --</subfield>
    <subfield code="t">El camino recorrido. Los logros --</subfield>
    <subfield code="t">Los frutos de Amant&#xED;n --</subfield>
    <subfield code="t">Raz&#xF3;n de ser y contexto --</subfield>
    <subfield code="t">La cooperaci&#xF3;n ha sido la clave -- &#xED;s.</subfield>
    <subfield code="g">Segunda parte:</subfield>
    <subfield code="t">la gente se impresiona con nosotras --</subfield>
    <subfield code="t">Capacitaci&#xF3;n t&#xE9;cnica --</subfield>
    <subfield code="t">Alternativas que despejan obst&#xE1;culos. Ferias y tiendas de exposiciones Microempresa y trabajo a domicilio --</subfield>
    <subfield code="t">Empleo --</subfield>
    <subfield code="t">Monto y destino del ingreso --</subfield>
    <subfield code="t">Cr&#xE9;dito. Financiamiento --</subfield>
    <subfield code="t">Familia, comunidad, roles de g&#xE9;nero --</subfield>
    <subfield code="t">Yo ten&#xED;a un talento enterrado: autoestima, valoraci&#xF3;n y solidaridad --</subfield>
    <subfield code="t">Problemas y dificultades que afectan a las microempresarias --</subfield>
    <subfield code="t">Proyecci&#xF3;n y expectativas: un espacio modelo de capacitaci&#xF3;n en el pa.</subfield>
  </datafield>
  <datafield tag="590" ind1=" " ind2=" ">
    <subfield code="a">Inventariado, 2018/VM</subfield>
  </datafield>
  <datafield tag="650" ind1=" " ind2="4">
    <subfield code="a">Trabajo de la mujer</subfield>
    <subfield code="z">Rep&#xFA;blica Dominicana</subfield>
    <subfield code="9">2565</subfield>
  </datafield>
  <datafield tag="650" ind1=" " ind2="4">
    <subfield code="a">Trabajo social con mujeres</subfield>
    <subfield code="9">2566</subfield>
  </datafield>
  <datafield tag="650" ind1=" " ind2="4">
    <subfield code="a">Mujeres en la industria</subfield>
    <subfield code="9">2567</subfield>
  </datafield>
  <datafield tag="700" ind1="1" ind2=" ">
    <subfield code="a">Hern&#xE1;ndez, Pastora</subfield>
    <subfield code="9">2568</subfield>
  </datafield>
  <datafield tag="700" ind1="1" ind2=" ">
    <subfield code="a">Sosa, Cristabel</subfield>
    <subfield code="9">2569</subfield>
  </datafield>
  <datafield tag="700" ind1="1" ind2=" ">
    <subfield code="a">Chalas, Nelly</subfield>
    <subfield code="9">2570</subfield>
  </datafield>
  <datafield tag="700" ind1="1" ind2=" ">
    <subfield code="a">Mata, Elsa</subfield>
    <subfield code="9">2571</subfield>
  </datafield>
  <datafield tag="700" ind1="1" ind2=" ">
    <subfield code="a">S&#xE1;nchez, Josefina</subfield>
    <subfield code="9">2572</subfield>
  </datafield>
  <datafield tag="952" ind1=" " ind2=" ">
    <subfield code="0">0</subfield>
    <subfield code="1">0</subfield>
    <subfield code="5">2</subfield>
    <subfield code="7">5</subfield>
    <subfield code="8">DS</subfield>
    <subfield code="a">BNPHU</subfield>
    <subfield code="b">BNPHU</subfield>
    <subfield code="c">HD</subfield>
    <subfield code="d">2009-08-25</subfield>
    <subfield code="i">LF1</subfield>
    <subfield code="l">0</subfield>
    <subfield code="o">331.4 H557n</subfield>
    <subfield code="p">751-30</subfield>
    <subfield code="r">2020-06-25</subfield>
    <subfield code="t">e. 3</subfield>
    <subfield code="w">2020-06-25</subfield>
    <subfield code="y">LF1</subfield>
    <subfield code="Z">Pr&#xE9;stamo interno</subfield>
  </datafield>
  <datafield tag="952" ind1=" " ind2=" ">
    <subfield code="0">0</subfield>
    <subfield code="1">0</subfield>
    <subfield code="7">2</subfield>
    <subfield code="8">PD</subfield>
    <subfield code="a">BNPHU</subfield>
    <subfield code="b">BNPHU</subfield>
    <subfield code="c">HD</subfield>
    <subfield code="d">2009-08-25</subfield>
    <subfield code="i">LF1</subfield>
    <subfield code="l">0</subfield>
    <subfield code="o">331.4 H557n</subfield>
    <subfield code="p">751-10</subfield>
    <subfield code="r">2020-06-25</subfield>
    <subfield code="w">2020-06-25</subfield>
    <subfield code="y">LF1</subfield>
    <subfield code="Z">No se presta</subfield>
  </datafield>
  <datafield tag="952" ind1=" " ind2=" ">
    <subfield code="0">0</subfield>
    <subfield code="1">0</subfield>
    <subfield code="7">2</subfield>
    <subfield code="8">PD</subfield>
    <subfield code="a">BNPHU</subfield>
    <subfield code="b">BNPHU</subfield>
    <subfield code="c">HD</subfield>
    <subfield code="d">2009-08-25</subfield>
    <subfield code="i">LF1</subfield>
    <subfield code="l">0</subfield>
    <subfield code="o">331.4 H557n</subfield>
    <subfield code="p">751-20</subfield>
    <subfield code="r">2020-06-25</subfield>
    <subfield code="t">e. 2</subfield>
    <subfield code="w">2020-06-25</subfield>
    <subfield code="y">LF1</subfield>
    <subfield code="Z">No se presta</subfield>
  </datafield>
  <datafield tag="999" ind1=" " ind2=" ">
    <subfield code="c">747</subfield>
    <subfield code="d">747</subfield>
  </datafield>
</record>
